000 00414nam a2200157 4500
005 20260430100926.0
008 260430b |||||||| |||| 00| 0 eng d
020 _a9780335246915
082 _a371.3
_bFAU-L
100 _aFautley Martin ,Savage Jonathan
245 _aLesson Planning for Effective Learning
260 _aNew York
_bLibrary of Congress
300 _a232p
650 _aEnglish
942 _cBK
999 _c47437
_d47437